00885nam a22002417a 4500999001500000001000500015003000900020005001700029008004500046020001500091040002800106082002200134100002400156245011900180250001200299260005900311300003100370504005100401650002500452650003500477942001200512952011900524 c1258d12588862BD-DhUAP20200204131206.0200204r20041995pk ii b 1 000 0 eng d a8170125705 aDLCcDLCdBD-DhUAPbEng00a340.0954 KUL223 1 aKulshreshtha, V. D.10aLandmarks in Indian legal history and constitutional history / cby V. D. Kulshreshtha ; revised by B. M. Gandhi. a7th ed. aLucknow : bEastern Book Co., c1995 [Reprinted 2004]. axxxi, 525 pages ; c23 cm. aIncludes Bibliography (p. 498-513.) and index. 0aLawzIndiaxHistory. 0aConstitutional historyzIndia. 2ddccBK 00102ddc4070aUAPCLbUAPCLcGeneral Stacksd2020-02-04o340.0954 KULp3010008862r2020-02-04t1w2020-02-04yBK